UBT Library

Assessing academic programs in higher education / (Record no. 44065)

000 -LEADER
fixed length control field 00734cam a22002293a 4500
001 - CONTROL NUMBER
control field 13666045
005 - DATE AND TIME OF LATEST TRANSACTION
control field 20180302081435.0
008 - FIXED-LENGTH DATA ELEMENTS--GENERAL INFORMATION
fixed length control field 040126s2004 mauad b 001 0 eng d
010 ## - LIBRARY OF CONGRESS CONTROL NUMBER
LC control number 2004541190
020 ## - INTERNATIONAL STANDARD BOOK NUMBER
International Standard Book Number 1882982673
035 ## - SYSTEM CONTROL NUMBER
System control number (OCoLC)ocm54088265
040 ## - CATALOGING SOURCE
Original cataloging agency CVM
Transcribing agency CVM
Modifying agency OCLCQ
-- DAY
-- DLC
041 ## - LANGUAGE CODE
Language code of text/sound track or separate title eng
080 ## - UNIVERSAL DECIMAL CLASSIFICATION NUMBER
Universal Decimal Classification number 37 MAR
100 1# - Rafti
Rafti 25
101 ## - Shkurtesa
Shkurtesa EDU
245 10 - TITLE STATEMENT
Title Assessing academic programs in higher education /
Statement of responsibility, etc Mary J. Allen.
504 ## - BIBLIOGRAPHY, ETC. NOTE
Bibliography, etc Includes bibliographical references and index.
906 ## - LOCAL DATA ELEMENT F, LDF (RLIN)
a 7
b cbc
c copycat
d 2
e ncip
f 20
g y-gencatlg
942 ## - ADDED ENTRY ELEMENTS (KOHA)
Source of classification or shelving scheme
Item type Books
Holdings
Withdrawn status Lost status Source of classification or shelving scheme Damaged status Not for loan Collection code Permanent location Current location Shelving location Date acquired Total Checkouts Full call number Barcode Date last seen Price effective from Koha item type
          Koleksioni i përgjithshem UBT - Lipjan UBT - Lipjan Koleksioni i përgjithshem 03/02/2018   37 MAR 002-3000714 03/02/2018 03/02/2018 Books
UBT Library © 2015-2024. All rights reserved University Education for Business and Technology